00389cam a2200157ua 45000010005000000080039000050400009000440820008000531000021000612450036000822500009001182600043001273000017001706530014001876530030002013350111019n ii |||gr||||Z||||||asm cMAIN a9201 aDas, Amio Kumar,11aJivan smriticby Amio Kumar Das a1st. aGuahati:bPublication board assam,983. a289p:c25cm. aBiography aBiography of Jivan smriti